Sports Quiz

Random Sports or College Quiz

M.L.B. Players Who Went to North Carolina Quiz Stats

Quiz not verified by Sporcle

Challenge
Share
Tweet
Embed
Score 0/11 Timer 05:00
0 Plays Today
Team Player % Correct
Seattle MarinersDustin Ackley
76.2%
Boston Red SoxAndrew Miller
57.1%
Boston Red SoxDaniel Bard
47.6%
New York MetsMatt Harvey
33.3%
Los Angeles AngelsChris Iannetta
19%
Seattle MarinersKyle Seager
19%
Colorado RockiesAlex White
14.3%
Los Angeles DodgersTim Federowicz
9.5%
New York YankeesAdam Warren
9.5%
Oakland Athletics Andrew Carignan
4.8%
Detroit TigersLuke Putkonen
4.8%

You're not logged in!

Compare scores with friends on all Sporcle quizzes.
Sign Up with Email
OR
Log In

You Might Also Like...

Show Comments

Extras

Top Quizzes Today


Score Distribution

Your Account Isn't Verified!

In order to create a playlist on Sporcle, you need to verify the email address you used during registration. Go to your Sporcle Settings to finish the process.

Report this User

Report this user for behavior that violates our Community Guidelines.

Details: